Statistiques concernant Decris un film que tu as vu récemment?

Cliquez ici pour prendre le quiz!

Statistiques générales

  • Ce quiz a été pris 6 fois
  • Le résultat moyen est 26 sur 35

Statistiques - réponses

Réponse% Correct
/a
100%
amie.
100%
au
100%
avec
100%
bien.
100%
/derniere,
100%
est
100%
film
100%
je
100%
La
100%
ma
100%
meilleur
100%
mon
100%
mon
100%
/prefere
100%
semaine
100%
suis
100%
/allees
50%
avis
50%
avons
50%
/c'etait
50%
/cinema
50%
Greatest
50%
Mais
50%
Mamma
50%
Mia.
50%
nous
50%
nous
50%
/ou
50%
Showman
50%
sommes
50%
sortie
50%
The
50%
vu
50%
D'habord
0%

Distribution des résultats

Percentile par nombre de réponses

% des personnes avec chaque résultat

Votre développement - résultats

Vous n’avez pas pris ce quiz